00703cam a22002053a 450000100060000000300060000600500170001200800410002904000150007004200070008505000070009224501950009926000290029450600300032351600200035365300120037365300410038583000290042685600420045513536PGUSA20140828083306.0040927s2004||||xxu|||||s|||||000 | eng d aPGUSAbeng adc 4aAG10aNotes and Queries, Index of Volume 1, November, 1849-May, 1850 :bA Medium of Inter-Communication for Literary Men, Artists, Antiquaries, Genealogists, etc.h[electronic resource] /cVarious bProject Gutenberg,c2004 aPublic domain in the USA. aElectronic text aIndexes aQuestions and answers -- Periodicals 0aProject Gutenbergv1353640uhttp://www.gutenberg.org/ebooks/13536